000 00622nam a2200229 i 4500
001 C2-0104788
003 PPAK
005 20180727101221.0
008 970608s1971 enk |||| ||||| | eng d
040 _aPPAK
_beng
_cPPAK
_erda
082 0 4 _a880
_223
090 0 0 _a880
_bEDW
_dKIH
100 1 _aEdwards, G.P.,
_eauthor
245 1 4 _aThe language of Hesoid in its traditional context
264 1 _aOxford :
_bBasil Blackwell ,
_c1971
300 _a248 pages ;
_c22 cm
336 _2rdacontent
_atext
337 _2rdamedia
_aunmediated
338 _2rdacarrier
_avolume
650 1 0 _aGreek literature
942 _ddc
_cB
999 _c25125
_d25125